000 00821nam a22002297a 4500
005 2008090307237.0
008 080903t xxu||||| |||| 00| 0 eng d
010 _aENG-90897
020 _a9788178803852
_c750.00
035 _aEN-74430
037 _bDBAD / PUB
040 _aDPL
_bEnglish
082 _a581.1
100 _aGraf, Alfred Byrd
245 _aAdvances in plant physiology /
_cby Alfred Byrd Graf
260 _aNew Delhi
_bRajat Publications
_c2008
270 _a4675/21, Ansari Raod, Darya Ganj,
_bNew Delhi
_e110002
300 _a304p.:
_c23 cm (Hb)
_bill.
650 _aPlant physiology
942 _2ddc
_cEN
_mGRA
_h581.1
999 _c15314
_d15314